Normal view
MARC view
Entry Geographic Name
001 - CONTROL NUMBER
- control field: 534
003 - CONTROL NUMBER IDENTIFIER
- control field: ARRUPE
005 - DATE AND TIME OF LATEST TRANSACTION
- control field: 20130918125239.0
008 - FIXED-LENGTH DATA ELEMENTS
- fixed length control field: 130918|| aca||aabn | a|a d
040 ## - CATALOGING SOURCE
- Original cataloging agency: ARRUPE
- Transcribing agency: ARRUPE
151 ## - HEADING--GEOGRAPHIC NAME
- Geographic name: South Africa
- General subdivision: Politics and government
- Chronological subdivision: 1948-1961.
670 ## - SOURCE DATA FOUND
- Source citation: Work cat.: (ARRUPE)0: Mokonyane, Dan. 529, Lessons of Azikwelwa /, 1994.